13 American Colonies - Sudden Death - Statistics

General Stats
  • This quiz has been taken 47,990 times
  • The average score is 7 of 13
Answers on the Grid
Answers color-coded by a green-red scale on the quiz's grid according to % correct below.
Alabama
Connecticut
Delaware
Florida
Georgia
Indiana
Louisiana
Maine
Maryland
Massachusetts
Mississippi
Missouri
New Hampshire
New Jersey
New York
North Carolina
Ohio
Pennsylvania
Rhode Island
South Carolina
Tennessee
Vermont
Virginia
West Virginia
 
Answer Stats
Answer % Correct
Delaware
72%
Connecticut
69%
New York
59%
Massachusetts
57%
New Jersey
53%
Maryland
52%
Pennsylvania
52%
Virginia
51%
New Hampshire
46%
Rhode Island
46%
Georgia
43%
North Carolina
41%
South Carolina
38%
No matching quizzes found
Score Distribution
Percent of People with Each Score
Percentile by Number Answered
Your Score History
You have not taken this quiz